00542 2200217 4500001002100000005001700021008004100038035002400079082000800103090001500111100001600126245005400142250001100196260002200207300001900229650002800248850001200276980001500288985000600303999001500309YOGYA-0209000005389520090227033224.0 ind  0010-020900000053895 a438 a438bSug B aSUGIATNO, T aBelajar sendiri bahasa jermancoleh : T Soegiatno aCet. 1 aSolobAnekac1995 a108 hlmc21 cm aPelajaran bahasa jerman aYOPDYOG a28-12-2007 a1 a96P0081423